Les guerres médiques et leurs sources (Hérodote, Plutarque, Eschyle) - Statistiques

Statistiques générales
  • Ce quiz a été pris 34 fois
  • Le résultat moyen est 11 sur 20
Statistiques - réponses
Question Réponse % Correct
Quelle est la principale innovation tactique des Athéniens à Marathon, selon Hérodote ? Charge en courant des hoplites sur plusieurs stades
74%
Quelle est l’idée stratégique principale des Grecs face à la supériorité numérique perse ? Exploiter les passages étroits pour limiter l’avantage perse
74%
Comment les Grecs réagissent-ils face à la grande expédition de Xerxès ? Ils forment une ligue panhellénique dirigée militairement par Sparte
74%
Quelle est la cause principale de la révolte ionienne en 499 av. J.-C. ? La domination intrusive des Perses s’appuyant sur des tyrans locaux
74%
Pourquoi, du point de vue perse, la première guerre médique reste-t-elle un épisode secondaire ? Une bataille et quelques îles, à l’échelle d’un immense empire.
74%
Qui sont les rameurs des trières athéniennes ? Des citoyens des classes les plus pauvres
67%
Que signifie, dans la diplomatie perse, demander aux cités grecques « la terre et l’eau » ? La demande de soumission
67%
Où les Perses débarquent-ils pour affronter les Athéniens lors de la première guerre médique ? À Marathon
63%
Quelle est l’attitude d’Hérodote dans son récit des Thermopyles ? Il exalte la bravoure grecque, surtout spartiate, dans une logique mémorielle
63%
Quel est le rôle d’Éphialtès dans la bataille des Thermopyles ? . Il trahit les Grecs en révélant aux Perses un chemin de contournement
63%
Quel est le principal résultat des guerres médiques pour les Grecs, selon le professeur ? Un moment fondateur éclairant la victoire improbable des cités grecques
63%
Quelles cités grecques envoient effectivement une aide militaire aux Ioniens révoltés ? Athènes et Érétrie
59%
Quel est l’objectif de Xerxès pendant la deuxième guerre médique ? Conquérir l’ensemble de la Grèce
59%
Quel événement permet à Athènes de financer une grande flotte de trières ? La découverte de mines d’argent au Laurion
56%
Quel est l’élément offensif central de la trière ? L’éperon de bronze à la proue
48%
Quelle particularité des Perses d’Eschyle est mise en avant dans le cours ? La pièce adopte le point de vue de la cour perse, pas celui d’Athènes
44%
Que raconte Plutarque à propos de l’évacuation d’Athènes ? Que la cité est confiée à Athéna et la population évacuée à Salamine
44%
Quel événement marque la fin de la révolte ionienne ? La prise de Milet
41%
Quels sont les deux livres d’Hérodote qui racontent principalement les guerres médiques ? Livres VI et VII
33%
Quelle notion morale Eschyle met-il particulièrement en scène à propos de Xerxès ? La charité envers les ennemis
4%
Aucun quiz correspondant
Distribution des résultats
% des personnes avec chaque résultat
Percentile par nombre de réponses
Votre historique - résultats
Vous n’avez pas pris ce quiz